|
|
|
|
| LEADER |
00000cam a22000004a 4500 |
| 005 |
20151013171224.0 |
| 007 |
cr|||| |||| |
| 008 |
070808s2007 mx 000 0 spa c |
| 020 |
|
|
|a 9789681683917 (vol. 1)
|
| 020 |
|
|
|a 9789681684273 (O.C.)
|
| 035 |
|
|
|a 12884
|
| 040 |
|
|
|d vLex
|
| 090 |
|
|
|c 5603
|d 5603
|
| 245 |
1 |
3 |
|a La Construccin̤ de la bioťica
|h [Recurso electrn̤ico] :
|b Textos de bioťica,
|n Vol. 1 /
|c Ruy Přez Tamayo, Rubň Lisker, Ricardo Tapia, coordinadores
|
| 256 |
|
|
|a Servicio en ln̕ea.
|
| 260 |
|
|
|a Mx̌ico :
|b Fondo de Cultura Econm̤ica,
|c 2007
|
| 300 |
|
|
|a 1 recurso electrn̤ico (223 p. ) ;
|c 23 cm.
|
| 505 |
0 |
|
|t Ética y bioťica /
|r Paulina Rivero Weber y Ruy Přez Tamayo.
|t Cuestin̤ del embrin̤ y algunos problemas de la bioťica /
|r Rodolfo Vz̀quez.
|t Ética, asesoramiento genťico y diagns̤tico prenatal /
|r Patricia Grether y Salvador Armendares.
|t Aborto y sus dimensiones mďica y bioťica /
|r Gregorio Přez-Palacios, Raymundo Canales de la Fuente y Raquel Gl̀vez Garza.
|t Clonacin̤ y cľulas troncales /
|r Ricardo Tapia, Rubň Lisker y Ruy Přez Tamayo.
|t Ética y trasplantes de r̤ganos /
|r Patricio Santillan-Doherty.
|t Consentimiento informado /
|r Laura Vargas-Parada, Ana Flisser y Simn̤ Kawa.
|t Investigacin̤ mďica en seres humanos /
|t Antonio R. Cabral y Ruy Přez Tamayo.
|t Comisiones de ťica y de investigacin̤ /
|t Simn̤ Kawa y Ana Flisser.
|t Eutanasia y suicido asistido /
|r Asuncin̤ Alvarez del Rio y Arnoldo Kraus.
|t Neuroťica /
|r Ricardo Tapia.
|t Bioťica y derecho /
|r Ingrid Brena.
|t Eugenesia y eufenesia /
|r Rubň Lisker y Salvador Armendares.
|
| 506 |
|
|
|a Contenido disponible en los productos indicados
|d vLex Global
|d vLex Global (Academic Edition, excluding Law Schools)
|d vLex Global (U.S. Academic Edition, Law Schools)
|d vLex Global (U.S. Academic Edition, excluding Law Schools)
|d vLex Global (Academic Edition, Law Schools)
|
| 650 |
0 |
4 |
|a Ética mďica
|z Mx̌icp
|
| 650 |
0 |
4 |
|a Bioťica
|z Mx̌ico
|
| 700 |
1 |
|
|a Přez-Tamayo, Ruy,
|e coord.
|
| 700 |
1 |
|
|a Lisker, Rubň,
|e coord.
|
| 700 |
1 |
|
|a Tapia, Ricardo,
|e coord.
|
| 700 |
1 |
|
|a Rivoer Weber, Paulina
|
| 700 |
1 |
|
|a Vz̀quez, Rodolfo
|
| 700 |
1 |
|
|a Grether, Patricia
|
| 700 |
1 |
|
|a Armendares, Salvador
|
| 700 |
1 |
|
|a Přez-Palacios, Gregorio
|
| 700 |
1 |
|
|a Canales de la Fuente, Raymundo
|
| 700 |
1 |
|
|a Gl̀vez Garza, Raquel
|
| 700 |
1 |
|
|a Santillan-Doherty, Patricio
|
| 700 |
1 |
|
|a Vargas-Parada, Laura
|
| 700 |
1 |
|
|a Flisser, Ana
|
| 700 |
1 |
|
|a Kawa, Simn̤
|
| 700 |
1 |
|
|a Cabral, Antonio R.
|
| 700 |
1 |
|
|a ℓlvarez del Ro̕, Asuncin̤
|
| 700 |
1 |
|
|a Kraus, Arnoldo
|
| 700 |
1 |
|
|a Brena, Ingrid
|
| 740 |
0 |
|
|a vLex Libros (Servicio en ln̕ea)
|
| 830 |
|
0 |
|a Seccin̤ de obras de ciencia, tecnologa̕ y sociedad
|
| 830 |
|
0 |
|a Textos de bioťica ;
|v vol. 1
|
| 856 |
4 |
0 |
|u http://vlex.com/source/construccion-bioetica-textos-ioetica-12884
|z Acceso restringido
|
| 942 |
|
|
|c BOOK
|
| 999 |
0 |
|
|a Medical ethics
|
| 999 |
0 |
|
|a Bioethics
|